ბათუმის შოთა რუსთაველის სახელმწიფო უნივერსიტეტის ბიბლიოთეკა

ზემოაჭარულის დარგობრივი ლექსიკა (ბიბ.ჩანაწერი № 43319)

000 -LEADER
fixed length control field 00902nam a2200229Ia 4500
001 - CONTROL NUMBER
control field 10046
003 - CONTROL NUMBER IDENTIFIER
control field GE_BSU
008 - FIXED-LENGTH DATA ELEMENTS--GENERAL INFORMATION
fixed length control field 181216s||||||||xx |||||||||||||| ||und||
020 ## - INTERNATIONAL STANDARD BOOK NUMBER
International Standard Book Number 9789941104572
040 ## - CATALOGING SOURCE
Transcribing agency GE_BSU
080 ## - UNIVERSAL DECIMAL CLASSIFICATION NUMBER
Universal Decimal Classification number 811.353.1'282+811.353'374.26
100 ## - MAIN ENTRY--PERSONAL NAME
Personal name კობერიძე,მარიამ
245 ## - TITLE STATEMENT
Title ზემოაჭარულის დარგობრივი ლექსიკა
245 ## - TITLE STATEMENT
Statement of responsibility, etc. რედ:ალექსი ჭინჭარაული
260 ## - PUBLICATION, DISTRIBUTION, ETC.
Place of publication, distribution, etc. თბილისი.
260 ## - PUBLICATION, DISTRIBUTION, ETC.
Name of publisher, distributor, etc. მერიდიანი.
260 ## - PUBLICATION, DISTRIBUTION, ETC.
Date of publication, distribution, etc. 2011
300 ## - PHYSICAL DESCRIPTION
Extent 243გვ;19სმ.
300 ## - PHYSICAL DESCRIPTION
Other physical details ბიბლიოგრფ:გვ;180-190.შემოკლებათა განმ.186-187გვ;რეზ.ინგლ.ენ.
653 ## - INDEX TERM--UNCONTROLLED
Uncontrolled term ზემოაჭარულის დარგობრივი ლექსიკა
942 ## - ADDED ENTRY ELEMENTS (KOHA)
Koha item type წიგნი
ეგზემპლარები
Withdrawn status Lost status Damaged status Not for loan Date acquired Barcode Date last seen Price effective from Koha item type
        2018-12-17 33703 2018-12-17 2018-12-17 წიგნი